000 00815nam a2200193 i 4500
001 161594
003 ES-MaACL
005 20250721062640.0
008 041020s1882 xxk |||| | eng d
040 _aCAM
_bspa
_cCAM
100 1 _aBastiat, Frédéric (
_d1801-1850)
_926365
245 1 0 _aPopular fallacies regarding Trade and Foreign Duties
_b: being the "sophismes économiques" of Frédéric Bastiat /
_cadapted to the present time by Edward Robert Pearce.
260 _aLondon [etc.] :
_bCassell, Petter, Galpin & Co.,
_c1882.
300 _a79 p. ;
_c18 cm.
650 0 7 _aEconomía
_2embne
_912006
700 1 _aEdgcumbe, Edward Robert Pearce
_cSir (
_d1851-)
_9156030
852 _aES-MaACL
_jT-1301-F-7
_z-- Enc. hol., conservando la cub. original
_z-- Enc. en un vol. facticio
999 _c161594
_d161594